[Event "NM Junior Gruppe C 2002"]
[Site "Tjele"]
[Date "2002.02.14"]
[Round "1"]
[White "Andreasen, Bjarke"]
[Black "Lehtovirta, Verneri"]
[Result "1-0"]
[WhiteElo "1641"]
[BlackElo "1482"]
[PlyCount "81"]
[EventDate "2002.??.??"]

1. d4 d5 2. c4 e6 3. Nf3 Nf6 4. Bg5 Be7 5. Nc3 O-O 6. e3 Nc6 7. Rc1 b6 8. cxd5
Nxd5 9. Nxd5 Bxg5 10. Nxc7 Qxc7 11. Nxg5 Qd6 12. Qc2 Qb4+ 13. Kd1 g6 14. Qxc6
Rb8 15. Qb5 Qe7 16. h4 Bb7 17. h5 Bd5 18. f4 f6 19. Nf3 Qb7 20. Kd2 a6 21. Qd3
Be4 22. Qxa6 Bxf3 23. gxf3 Qxf3 24. Be2 Qd5 25. hxg6 hxg6 26. Qd3 f5 27. Qb3
Qe4 28. Rhg1 Kf7 29. Rc7+ Kf6 30. Qb5 Rf7 31. Qe5+ Qxe5 32. dxe5+ Kg7 33. Rc6
Rd7+ 34. Kc2 Rbd8 35. Kc3 Ra8 36. Rxe6 Rc8+ 37. Kb3 Rd2 38. Rgxg6+ Kf7 39.
Ref6+ Ke7 40. Rg7+ Ke8 41. Bh5+ 1-0

[Event "NM Junior Gruppe C 2002"]
[Site "Tjele"]
[Date "2002.02.14"]
[Round "1"]
[White "Glud, Jakob Vang"]
[Black "Fossum, Oystein Boyum"]
[Result "1-0"]
[WhiteElo "2048"]
[BlackElo "1682"]
[PlyCount "91"]
[EventDate "2002.??.??"]

1. e4 e6 2. d4 d5 3. Nd2 Nf6 4. e5 Nfd7 5. Bd3 c5 6. c3 Nc6 7. Ne2 Be7 8. Nf3
cxd4 9. cxd4 f6 10. exf6 Bxf6 11. O-O O-O 12. Nf4 Re8 13. Re1 Nf8 14. Nh5 e5
15. dxe5 Bxe5 16. Bg5 Qd6 17. Nxe5 Rxe5 18. Bf4 Rxe1+ 19. Qxe1 Qe6 20. Qc3 Qf7
21. Be2 Be6 22. Bg3 Ng6 23. Bd3 Rd8 24. Bxg6 hxg6 25. Nf4 d4 26. Qa3 Bf5 27.
Rd1 g5 28. Nd3 Qc4 29. h3 Bxd3 30. Rxd3 Nb4 31. Rd1 Rd7 32. Kh2 Nxa2 33. Qxa7
Nb4 34. Qb8+ Kh7 35. Qe5 Qd5 36. Qe1 Nc6 37. Rd3 Re7 38. Qd1 Qe4 39. Qh5+ Kg8
40. Ra3 Re8 41. Qxg5 Qe2 42. Qd5+ Kh7 43. Rf3 Qe4 44. Qh5+ Kg8 45. Qf7+ Kh8 46.
Rf4 1-0

[Event "NM Junior Gruppe C 2002"]
[Site "Tjele"]
[Date "2002.02.14"]
[Round "1"]
[White "Nestorov, Marta"]
[Black "Kjartansson, Gudmundur"]
[Result "0-1"]
[WhiteElo "1908"]
[BlackElo "2060"]
[PlyCount "82"]
[EventDate "2002.??.??"]

1. d4 Nf6 2. c4 g6 3. Nc3 d5 4. Bg5 Ne4 5. Nxe4 dxe4 6. e3 Bg7 7. Qc2 c5 8. Ne2
Nc6 9. a3 cxd4 10. exd4 Nxd4 11. Nxd4 Qxd4 12. Rd1 Qxb2 13. Qa4+ b5 14. Qxb5+
Qxb5 15. cxb5 Be6 16. Be2 h6 17. Be3 Bc3+ 18. Bd2 Bxd2+ 19. Rxd2 Rc8 20. O-O
O-O 21. Rd4 f5 22. Rfd1 Rc2 23. Bf1 Ra2 24. a4 Rc8 25. Rd8+ Rxd8 26. Rxd8+ Kf7
27. Rd4 Kf6 28. g3 Ke5 29. Rb4 Bd5 30. b6 axb6 31. Rxb6 Ra1 32. Rb4 e6 33. h4
g5 34. hxg5 hxg5 35. a5 Rxa5 36. Rb1 Ra2 37. Re1 Rc2 38. Bb5 Bc4 39. Bd7 Bd3
40. Ba4 Ra2 41. Bd7 Be2 0-1

[Event "NM Junior Gruppe C 2002"]
[Site "Tjele"]
[Date "2002.02.14"]
[Round "1"]
[White "Rhee, Alexander Kasper"]
[Black "Nithander, Viktor"]
[Result "0-1"]
[WhiteElo "1635"]
[BlackElo "1914"]
[PlyCount "132"]
[EventDate "2002.??.??"]

1. e4 c5 2. Nf3 d6 3. d4 cxd4 4. Nxd4 Nf6 5. Nc3 g6 6. Be3 Bg7 7. f3 O-O 8. Qd2
Nc6 9. O-O-O Bd7 10. g4 Nxd4 11. Bxd4 Qa5 12. Kb1 Rfd8 13. h4 e5 14. Be3 Be6
15. g5 Nh5 16. Bh3 Nf4 17. Bg4 d5 18. Nxd5 Qxd2 19. Rxd2 Nxd5 20. exd5 Rxd5 21.
Bxe6 fxe6 22. Rhd1 Rad8 23. Rxd5 Rxd5 24. Rxd5 exd5 25. Bxa7 Kf7 26. c3 Ke6 27.
Kc2 Kf5 28. Kd3 Bf8 29. a4 Bd6 30. Bf2 e4+ 31. Ke2 Bf4 32. Be3 Bg3 33. Bf2 Be5
34. a5 Kf4 35. fxe4 Kxe4 36. Be1 Bc7 37. b4 Bd8 38. Bf2 Bc7 39. Kd2 Bf4+ 40.
Kc2 Ke5 41. Kd3 Kd6 42. c4 dxc4+ 43. Kxc4 Kc7 44. Kd5 h6 45. Ke4 hxg5 46. hxg5
Bxg5 47. Kd5 Bd2 48. Bg3+ Kd7 49. Kc5 g5 50. Kb5 g4 51. Ka4 Bg5 52. b5 Bd8 53.
b6 Kc6 54. Kb4 Be7+ 55. Kc4 Bd6 56. Bxd6 Kxd6 57. Kd4 Kc6 58. Ke4 Kb5 59. Kf4
Kxa5 60. Kxg4 Kxb6 61. Kf4 Kc5 62. Ke3 Kc4 63. Kd2 Kb3 64. Kd3 b5 65. Kd2 b4
66. Kc1 Ka2 0-1

[Event "NM Junior Gruppe C 2002"]
[Site "Tjele"]
[Date "2002.02.14"]
[Round "1"]
[White "Skrondal, Inge Sandstad"]
[Black "Arngrimsson, Dagur"]
[Result "0-1"]
[WhiteElo "1435"]
[BlackElo "2094"]
[PlyCount "86"]
[EventDate "2002.??.??"]

1. e4 e5 2. Nf3 Nc6 3. Bc4 Nf6 4. d4 exd4 5. O-O d6 6. Nxd4 Be7 7. Nc3 O-O 8.
f3 Ne5 9. Qe2 a6 10. a4 Nxc4 11. Qxc4 b5 12. Qd3 b4 13. Nc6 Qd7 14. Nxb4 a5 15.
Nbd5 Ba6 16. Nb5 c6 17. Nb6 Qb7 18. Be3 Rab8 19. c4 cxb5 20. axb5 Qc7 21. Nd5
Nxd5 22. exd5 Bc8 23. b6 Rxb6 24. Bxb6 Qxb6+ 25. Kh1 Bd7 26. b3 Bf6 27. Rab1 g6
28. g4 Rb8 29. Kg2 h5 30. h3 Qc5 31. Kg3 h4+ 32. Kg2 Qa3 33. Qc2 Qb4 34. Rfe1
Rc8 35. Qd3 Kg7 36. Re2 Qa3 37. Qc2 a4 38. b4 Be5 39. c5 Bb5 40. Rxe5 dxe5 41.
Rb2 e4 42. fxe4 Qg3+ 43. Kh1 Bd3 0-1

[Event "NM Junior Gruppe C 2002"]
[Site "Tjele"]
[Date "2002.02.14"]
[Round "2"]
[White "Arngrimsson, Dagur"]
[Black "Glud, Jakob Vang"]
[Result "1/2-1/2"]
[WhiteElo "2094"]
[BlackElo "2048"]
[PlyCount "109"]
[EventDate "2002.??.??"]

1. Nf3 d5 2. g3 Nf6 3. Bg2 c5 4. O-O Nc6 5. d4 Bg4 6. Ne5 Bh5 7. Nxc6 bxc6 8.
dxc5 e6 9. b4 Qb8 10. a3 a5 11. c3 Be7 12. Nd2 axb4 13. cxb4 Qe5 14. Ra2 Bxe2
15. Re1 Bxd1 16. Rxe5 O-O 17. Re1 Ba4 18. Bb2 Rfb8 19. f4 Rb7 20. Bd4 Kf8 21.
Raa1 Nd7 22. Nf3 Bf6 23. Bxf6 Nxf6 24. Nd4 Nd7 25. Bf1 g6 26. Rac1 Nf6 27. b5
Bxb5 28. Bxb5 cxb5 29. c6 Rbb8 30. c7 Rc8 31. Nxb5 Ke7 32. Rc6 Ne4 33. Rec1 Kd7
34. Kg2 Ra5 35. Rb6 h6 36. Rb8 Ra8 37. Rb6 Ra5 38. Rc2 Ra4 39. Kf3 Ra5 40. Ke3
Ra4 41. g4 Nf6 42. Kf3 h5 43. h3 hxg4+ 44. hxg4 Ne8 45. Rbc6 Ra5 46. R6c5 Nd6
47. Nd4 Rxa3+ 48. Kg2 Ra7 49. f5 gxf5 50. gxf5 Raxc7 51. fxe6+ fxe6 52. Rxc7+
Rxc7 53. Rxc7+ Kxc7 54. Nxe6+ Kc6 55. Kf3 1/2-1/2

[Event "NM Junior Gruppe C 2002"]
[Site "Tjele"]
[Date "2002.02.14"]
[Round "2"]
[White "Fossum, Oystein Boyum"]
[Black "Nestorov, Marta"]
[Result "1/2-1/2"]
[WhiteElo "1682"]
[BlackElo "1908"]
[PlyCount "108"]
[EventDate "2002.??.??"]

1. c4 c5 2. g3 Nc6 3. Bg2 g6 4. Nc3 Bg7 5. a3 e6 6. b4 d6 7. Bb2 Nge7 8. b5 Ne5
9. d3 O-O 10. Qd2 Nf5 11. e3 Rb8 12. h4 h5 13. O-O-O Bh6 14. Ne4 Ng4 15. Re1 b6
16. Bh3 Nd4 17. Kb1 e5 18. f3 Nf6 19. Nxf6+ Qxf6 20. Bxc8 Rbxc8 21. Qg2 Nf5 22.
e4 Ng7 23. g4 Bf4 24. g5 Qe7 25. Nh3 Ne6 26. Nxf4 Nxf4 27. Qc2 Ra8 28. Bc1 Ne6
29. Ref1 Nf4 30. Ka2 a6 31. Bxf4 exf4 32. bxa6 Rxa6 33. Rb1 Qe5 34. Rb3 Qd4 35.
Re1 Qe5 36. Qb2 Rb8 37. d4 Qe6 38. d5 Qh3 39. Qf2 Re8 40. Reb1 Rea8 41. Re1 Re8
42. Re2 Kf8 43. Qe1 Re5 44. Qb1 Ra4 45. Qc2 Ra6 46. Rh2 Qf1 47. Rc3 Qe1 48. Kb2
Qg3 49. Qe2 Qg1 50. Rc1 Qd4+ 51. Rc3 Re7 52. Qd2 Qe5 53. Ka2 Rea7 54. Rb3 Ke7
1/2-1/2

[Event "NM Junior Gruppe C 2002"]
[Site "Tjele"]
[Date "2002.02.14"]
[Round "2"]
[White "Lehtovirta, Verneri"]
[Black "Rhee, Alexander Kasper"]
[Result "0-1"]
[WhiteElo "1482"]
[BlackElo "1635"]
[PlyCount "94"]
[EventDate "2002.??.??"]

1. c4 Nf6 2. g3 c5 3. Bg2 Nc6 4. e3 e6 5. Ne2 d5 6. cxd5 Nxd5 7. O-O Be7 8.
Nbc3 Ndb4 9. Nf4 c4 10. b3 cxb3 11. Qxb3 O-O 12. d4 Na5 13. Qd1 Bd7 14. a3 Nbc6
15. d5 exd5 16. Ncxd5 Bg5 17. Bb2 Nc4 18. Bc3 N4e5 19. Rb1 Rb8 20. h3 Re8 21.
Nh5 Bh6 22. Re1 Bf5 23. e4 Bg6 24. Nhf4 Nc4 25. Nxg6 hxg6 26. Qb3 N6a5 27. Bxa5
Nxa5 28. Qf3 Nc4 29. Qd3 Ne5 30. Qd4 Qa5 31. f4 Nc6 32. Qe3 Rbd8 33. e5 b6 34.
Nc7 Re7 35. Nd5 Rxe5 36. Qf2 Rexd5 37. Bxd5 Qxd5 38. g4 g5 39. f5 Ne5 40. Re3
Qd4 41. Qe2 Nc4 42. Rb4 Qxe3+ 43. Qxe3 Nxe3 44. Re4 Nd5 45. Rd4 g6 46. f6 Bf8
47. Kf2 Bxa3 0-1

[Event "NM Junior Gruppe C 2002"]
[Site "Tjele"]
[Date "2002.02.14"]
[Round "2"]
[White "Nithander, Viktor"]
[Black "Kjartansson, Gudmundur"]
[Result "0-1"]
[WhiteElo "1914"]
[BlackElo "2060"]
[PlyCount "122"]
[EventDate "2002.??.??"]

1. e4 c5 2. Nf3 d6 3. d4 cxd4 4. Nxd4 Nf6 5. Nc3 g6 6. Be2 Bg7 7. O-O Nc6 8.
Be3 O-O 9. Kh1 Nxd4 10. Bxd4 Bd7 11. f4 Bc6 12. Bf3 Nd7 13. a4 Bxd4 14. Qxd4
Qb6 15. Rfd1 Rfc8 16. b4 Qxd4 17. Rxd4 Nf8 18. b5 Be8 19. Nd5 Kg7 20. Nxe7 Rc7
21. Nd5 Rxc2 22. Ne3 Rc3 23. Nd1 Ne6 24. Rxd6 Rc4 25. Ne3 Rb4 26. Nd5 Rd4 27.
f5 Nc5 28. f6+ Kf8 29. e5 Rxa4 30. Rxa4 Nxa4 31. Bg4 Nc5 32. Nc7 Rb8 33. Kg1 h5
34. Bf3 Rc8 35. Nxe8 Kxe8 36. Bd5 Rc7 37. h4 Rd7 38. Kh2 Rxd6 39. exd6 Nd7 40.
Bxb7 Nxf6 41. Bc6+ Kd8 42. Kg3 Ne8 43. Bxe8 Kxe8 44. Kf4 f6 45. Ke4 Kd7 46. Kd5
g5 47. g3 g4 48. Ke4 Kxd6 49. Kf5 Kc5 50. Kg6 Kxb5 51. Kxh5 a5 52. Kxg4 a4 53.
h5 a3 54. Kf5 a2 55. Kxf6 a1=Q+ 56. Kg6 Kc6 57. g4 Kd7 58. g5 Ke7 59. Kh7 Kf8
60. h6 Qa7+ 61. Kh8 Qf7 0-1

[Event "NM Junior Gruppe C 2002"]
[Site "Tjele"]
[Date "2002.02.14"]
[Round "2"]
[White "Skrondal, Inge Sandstad"]
[Black "Andreasen, Bjarke"]
[Result "0-1"]
[WhiteElo "1435"]
[BlackElo "1641"]
[PlyCount "52"]
[EventDate "2002.??.??"]

1. Nf3 d5 2. d4 Nf6 3. e3 Bg4 4. Nbd2 e6 5. Be2 c5 6. c3 Nc6 7. Qa4 Rc8 8. h3
Bh5 9. O-O h6 10. a3 cxd4 11. cxd4 Bd6 12. b4 O-O 13. Bb2 Bb8 14. Rac1 Qd6 15.
Bc3 Ne4 16. Rfe1 Nxd4 17. Bxd4 Nxd2 18. Bc5 Nxf3+ 19. Bxf3 Qh2+ 20. Kf1 Bxf3
21. gxf3 Rfd8 22. Bxa7 Rxc1 23. Rxc1 Qh1+ 24. Ke2 Qxc1 25. Bxb8 Rxb8 26. Qe8+
Rxe8 0-1

[Event "NM Junior Gruppe C 2002"]
[Site "Tjele"]
[Date "2002.02.15"]
[Round "3"]
[White "Fossum, Oystein Boyum"]
[Black "Skrondal, Inge Sandstad"]
[Result "1-0"]
[WhiteElo "1682"]
[BlackElo "1435"]
[PlyCount "61"]
[EventDate "2002.??.??"]

1. c4 Nf6 2. Nc3 c6 3. e4 e5 4. d4 d6 5. d5 g6 6. Be3 Ng4 7. Bc1 f5 8. f3 Nf6
9. exf5 gxf5 10. Bg5 Be7 11. Bxf6 Bxf6 12. Bd3 O-O 13. Qc2 Na6 14. a3 Bd7 15.
Nh3 Rc8 16. dxc6 bxc6 17. O-O-O Nc5 18. Kb1 Be7 19. Nf2 Rb8 20. g4 Nxd3 21.
Qxd3 Qb6 22. Rd2 Qb3 23. gxf5 Bxf5 24. Nfe4 Qxa3 25. Rg1+ Kh8 26. Rdg2 Qb3 27.
Kc1 Rbc8 28. h4 d5 29. Nd6 Bxd3 30. Rg8+ Rxg8 31. Nf7# 1-0

[Event "NM Junior Gruppe C 2002"]
[Site "Tjele"]
[Date "2002.02.15"]
[Round "3"]
[White "Kjartansson, Gudmundur"]
[Black "Andreasen, Bjarke"]
[Result "1-0"]
[WhiteElo "2060"]
[BlackElo "1641"]
[PlyCount "142"]
[EventDate "2002.??.??"]

1. e4 c5 2. Nf3 e6 3. d4 cxd4 4. Nxd4 Nf6 5. Nc3 d6 6. f3 a6 7. Be3 Be7 8. g4
O-O 9. Qd2 Nc6 10. Be2 d5 11. g5 Ne8 12. f4 Nc7 13. exd5 Nxd5 14. Nxd5 exd5 15.
O-O-O Nxd4 16. Bxd4 Bf5 17. Bd3 Qd7 18. Rde1 Bd6 19. Bxf5 Qxf5 20. Be5 Rfd8 21.
Bxd6 Rxd6 22. Re5 Qd7 23. Qd4 Re8 24. Rd1 Rd8 25. Rde1 Re6 26. h4 Rde8 27. f5
Rxe5 28. Rxe5 Rxe5 29. Qxe5 Qd8 30. f6 g6 31. Qe7 Qb8 32. Kb1 b5 33. Qd7 Qa8
34. a3 Kf8 35. b3 Kg8 36. Kb2 Kf8 37. Kc3 Kg8 38. Kd4 Kf8 39. Qd6+ Kg8 40. Qxd5
Qa7+ 41. Qc5 Qd7+ 42. Kc3 h6 43. Kb4 hxg5 44. hxg5 Qd2+ 45. c3 Qd7 46. Ka5 Qd8+
47. Kxa6 Qa8+ 48. Kxb5 Qb7+ 49. Kc4 Qe4+ 50. Qd4 Qc6+ 51. Kd3 Qb5+ 52. Kc2 Qxg5
53. b4 Qf5+ 54. Kb2 g5 55. a4 g4 56. Qg1 Qf4 57. a5 g3 58. a6 Qf2+ 59. Qxf2
gxf2 60. a7 f1=Q 61. a8=Q+ Kh7 62. Qe4+ Kh6 63. Qe5 Qf2+ 64. Kb3 Kg6 65. b5 Qg1
66. c4 Qb1+ 67. Ka4 Qc2+ 68. Kb4 Qd2+ 69. Kc5 Qa5 70. Kd5 Qb6 71. Qg3+ Kh5 1-0

[Event "NM Junior Gruppe C 2002"]
[Site "Tjele"]
[Date "2002.02.15"]
[Round "3"]
[White "Lehtovirta, Verneri"]
[Black "Nestorov, Marta"]
[Result "1/2-1/2"]
[WhiteElo "1482"]
[BlackElo "1908"]
[PlyCount "121"]
[EventDate "2002.??.??"]

1. e4 c5 2. Bc4 e6 3. Nc3 Nc6 4. Nf3 a6 5. a3 Qc7 6. d3 Nf6 7. O-O Be7 8. Bg5
O-O 9. Qd2 b5 10. Ba2 d6 11. Rfe1 Bb7 12. h3 Nd7 13. Rad1 Nde5 14. Bxe7 Nxe7
15. Nxe5 dxe5 16. Qg5 Ng6 17. a4 b4 18. Ne2 Qc6 19. Bb3 Kh8 20. h4 f6 21. Qg3
Rg8 22. h5 Ne7 23. Qh3 Bc8 24. Qh4 Qe8 25. f3 Bd7 26. Rc1 Nc6 27. Qh3 Na5 28.
Ba2 Qe7 29. Kf2 c4 30. Bxc4 Nxc4 31. dxc4 Qc5+ 32. Kf1 Qxc4 33. b3 Qc5 34. Rcd1
Rad8 35. Rd2 Bc8 36. Red1 Rxd2 37. Rxd2 a5 38. Qh4 Ba6 39. h6 g5 40. Qf2 Qc7
41. Qe1 Rd8 42. Qd1 Rxd2 43. Qxd2 Kg8 44. Kf2 Kf7 45. c4 Kg6 46. Qc2 Qc5+ 47.
Kg3 Kxh6 48. Nc1 Kg6 49. Nd3 Qd4 50. Nf2 Qc5 51. Nh3 h5 52. Qf2 Qxf2+ 53. Nxf2
Kf7 54. Nd3 Ke7 55. Kf2 Kd6 56. Ke3 Kc6 57. Ke2 Bc8 58. Ke3 Kd6 59. Kf2 Kc6 60.
Ke3 Kd6 61. Kf2 1/2-1/2

[Event "NM Junior Gruppe C 2002"]
[Site "Tjele"]
[Date "2002.02.15"]
[Round "3"]
[White "Nithander, Viktor"]
[Black "Arngrimsson, Dagur"]
[Result "0-1"]
[WhiteElo "1914"]
[BlackElo "2094"]
[PlyCount "56"]
[EventDate "2002.??.??"]

1. e4 c5 2. Nf3 d6 3. d4 cxd4 4. Nxd4 Nf6 5. Nc3 g6 6. Be2 Bg7 7. Be3 O-O 8.
O-O Nc6 9. Kh1 Re8 10. f4 Qb6 11. Qd2 Nxe4 12. Nxe4 Bxd4 13. Rf3 Bg4 14. Rg3
Bxe2 15. Qxe2 Bxe3 16. Rxe3 Nd4 17. Qd2 Nxc2 18. Rb3 Qc6 19. Rc3 Qxe4 20. Rxc2
Rac8 21. Rac1 Rxc2 22. Rxc2 e5 23. fxe5 Qxe5 24. Rc1 Qe3 25. Qd1 d5 26. h3 d4
27. Rc7 d3 28. Rd7 Qg3 0-1

[Event "NM Junior Gruppe C 2002"]
[Site "Tjele"]
[Date "2002.02.15"]
[Round "3"]
[White "Rhee, Alexander Kasper"]
[Black "Glud, Jakob Vang"]
[Result "1/2-1/2"]
[WhiteElo "1635"]
[BlackElo "2048"]
[PlyCount "142"]
[EventDate "2002.??.??"]

1. e4 e5 2. Nf3 Nc6 3. d4 exd4 4. Bc4 Nf6 5. e5 d5 6. Bb5 Ne4 7. Nxd4 Bd7 8.
Bxc6 bxc6 9. O-O Be7 10. Nd2 Nxd2 11. Bxd2 O-O 12. Re1 Rb8 13. Rb1 c5 14. Ne2
d4 15. a3 f6 16. e6 Bxe6 17. Nxd4 cxd4 18. Rxe6 Bd6 19. Qf1 Qd7 20. Re4 Kh8 21.
Qd3 Qb5 22. Rxd4 Rfd8 23. c4 Qb3 24. Bc3 Be7 25. Re1 Rxd4 26. Qxd4 Bd6 27. Qxa7
h6 28. c5 Be5 29. Bxe5 fxe5 30. Qxc7 Qxb2 31. c6 Rf8 32. Qa7 Qc3 33. Qe3 Qxc6
34. Qxe5 Qa4 35. Qc5 Ra8 36. Ra1 Ra5 37. Qc3 Rb5 38. Re1 Rb3 39. Qc8+ Kh7 40.
Qf5+ Kg8 41. Qg6 Rb8 42. Qd6 Ra8 43. Ra1 Ra6 44. Qb8+ Kh7 45. Qb2 Ra5 46. h3
Rb5 47. Qc1 Rg5 48. Qf1 Qd7 49. Kh1 Ra5 50. Qb1+ Kh8 51. Qb8+ Kh7 52. Qb4 Ra4
53. Qb3 Qa7 54. Qc2+ Kg8 55. Rd1 Rd4 56. Qb3+ Kh7 57. Rxd4 Qxd4 58. Qc2+ Kh8
59. a4 Qa1+ 60. Kh2 Qe5+ 61. g3 Qa5 62. Qb3 Qc5 63. Qb2 Qa7 64. Qc2 Qa5 65. Qe4
Qa7 66. Kg2 Qa6 67. Qe8+ Kh7 68. Qb5 Qa8+ 69. Kg1 Qe4 70. Qb8 Qe1+ 71. Kg2 Qe4+
1/2-1/2

[Event "NM Junior Gruppe C 2002"]
[Site "Tjele"]
[Date "2002.02.15"]
[Round "4"]
[White "Arngrimsson, Dagur"]
[Black "Kjartansson, Gudmundur"]
[Result "1-0"]
[WhiteElo "2094"]
[BlackElo "2060"]
[PlyCount "57"]
[EventDate "2002.??.??"]

1. e4 c5 2. Nf3 d6 3. d4 cxd4 4. Nxd4 Nf6 5. Nc3 g6 6. Be3 Bg7 7. f3 O-O 8. Qd2
Nc6 9. Bc4 Bd7 10. O-O-O Rc8 11. Bb3 Ne5 12. h4 Nc4 13. Bxc4 Rxc4 14. h5 Nxh5
15. g4 Nf6 16. Nde2 Qa5 17. Bh6 Rfc8 18. Bxg7 Kxg7 19. Qh6+ Kg8 20. Rd5 R8c5
21. Kb1 Be6 22. g5 Nh5 23. Nf4 Rxd5 24. Nxh5 gxh5 25. Rxh5 Bf5 26. exf5 Rd1+
27. Nxd1 Qxf5 28. Ne3 Rd4 29. g6 1-0

[Event "NM Junior Gruppe C 2002"]
[Site "Tjele"]
[Date "2002.02.15"]
[Round "4"]
[White "Fossum, Oystein Boyum"]
[Black "Rhee, Alexander Kasper"]
[Result "1-0"]
[WhiteElo "1682"]
[BlackElo "1635"]
[PlyCount "114"]
[EventDate "2002.??.??"]

1. e4 e5 2. Nf3 Nf6 3. Nxe5 d6 4. Nc4 Nxe4 5. Nc3 Nf6 6. d4 d5 7. Ne5 Be7 8.
Bd3 O-O 9. Be3 c5 10. dxc5 Nc6 11. Nxc6 bxc6 12. Ne2 Ng4 13. Bd4 Bf6 14. c3 Ne5
15. Bc2 Rb8 16. b4 a5 17. Rb1 Ba6 18. O-O axb4 19. cxb4 Re8 20. Re1 Qc7 21. Ng3
Nf3+ 22. Qxf3 Bxd4 23. a3 g6 24. Bd3 Bb7 25. Red1 Bg7 26. Bf1 Qe7 27. a4 Ra8
28. Qb3 Bh6 29. Qc2 Qh4 30. Bd3 Rf8 31. Re1 f5 32. Nf1 f4 33. Nd2 Bg7 34. Nf3
Qh5 35. Re7 Rab8 36. Rbe1 g5 37. h3 Bc8 38. b5 Bxh3 39. gxh3 Qxf3 40. Qe2 Qxh3
41. Qe6+ Qxe6 42. R1xe6 Rfc8 43. bxc6 Ra8 44. c7 g4 45. Ba6 Rf8 46. c8=Q Raxc8
47. Bxc8 Rxc8 48. Re8+ Rxe8 49. Rxe8+ Kf7 50. Rb8 Be5 51. Rb7+ Ke8 52. a5 Bd4
53. Rb5 Kd7 54. a6 Kc6 55. a7 Kxb5 56. a8=Q Bxc5 57. Qxd5 g3 1-0

[Event "NM Junior Gruppe C 2002"]
[Site "Tjele"]
[Date "2002.02.15"]
[Round "4"]
[White "Glud, Jakob Vang"]
[Black "Andreasen, Bjarke"]
[Result "1-0"]
[WhiteElo "2048"]
[BlackElo "1641"]
[PlyCount "47"]
[EventDate "2002.??.??"]

1. e4 c5 2. Nf3 e6 3. d4 cxd4 4. Nxd4 Nf6 5. Nc3 d6 6. g4 Be7 7. g5 Nfd7 8. h4
a6 9. Be3 Nc6 10. Qd2 Nde5 11. Be2 O-O 12. O-O-O b5 13. Nxc6 Nxc6 14. Rdg1 b4
15. Nd1 a5 16. h5 g6 17. f4 a4 18. hxg6 fxg6 19. f5 b3 20. Kb1 bxa2+ 21. Ka1
exf5 22. Qd5+ Rf7 23. Rxh7 Nb4 24. Qxf7# 1-0

[Event "NM Junior Gruppe C 2002"]
[Site "Tjele"]
[Date "2002.02.15"]
[Round "4"]
[White "Nestorov, Marta"]
[Black "Nithander, Viktor"]
[Result "1-0"]
[WhiteElo "1908"]
[BlackElo "1914"]
[PlyCount "95"]
[EventDate "2002.??.??"]

1. d4 d5 2. c4 e6 3. Nc3 c6 4. Nf3 Nf6 5. Bg5 Nbd7 6. e3 Be7 7. Bd3 dxc4 8.
Bxc4 b5 9. Bd3 a6 10. O-O c5 11. Rc1 Bb7 12. Qe2 Rc8 13. Bb1 O-O 14. dxc5 Nxc5
15. Bxf6 Bxf6 16. e4 b4 17. Nd1 a5 18. Qe3 Ba6 19. Re1 Be7 20. b3 Nd7 21. Nb2
Bc5 22. Qd2 Ne5 23. Qf4 f6 24. Rcd1 Qb6 25. Qg3 Qa7 26. Nd3 Bb6 27. Nf4 Rc6 28.
h4 Bc7 29. h5 Rc3 30. Rc1 Qc5 31. Rxc3 Qxc3 32. Rd1 Nxf3+ 33. gxf3 Be5 34. Qg4
f5 35. exf5 exf5 36. Bxf5 Bxf4 37. Qxf4 Bc8 38. Bxh7+ Kxh7 39. Qxf8 Be6 40. Qf4
Qc5 41. Re1 Bd7 42. Re5 Qd6 43. Qe4+ Kh8 44. Qd5 Qf6 45. Qxa5 Bc6 46. Rf5 Qd6
47. Qc5 Qc7 48. Rf8+ 1-0

[Event "NM Junior Gruppe C 2002"]
[Site "Tjele"]
[Date "2002.02.15"]
[Round "4"]
[White "Skrondal, Inge Sandstad"]
[Black "Lehtovirta, Verneri"]
[Result "1-0"]
[WhiteElo "1435"]
[BlackElo "1482"]
[PlyCount "133"]
[EventDate "2002.??.??"]

1. e4 e5 2. Nf3 Nc6 3. Bc4 Bc5 4. c3 d6 5. d4 exd4 6. cxd4 Bb6 7. h3 Nge7 8.
Ng5 d5 9. exd5 Nxd5 10. Nxf7 Qe7+ 11. Qe2 Qxe2+ 12. Kxe2 Nxd4+ 13. Kd1 Kxf7 14.
Bxd5+ Kf6 15. Bd2 c6 16. Be4 Bf5 17. Nc3 Rhe8 18. f3 Rad8 19. h4 h6 20. Rf1 Bc7
21. g4 Bxe4 22. fxe4+ Kg6 23. Rb1 Re7 24. Kc1 b5 25. b4 Ne6 26. Be3 Rd3 27. Nd1
Be5 28. Kc2 Ra3 29. Rf5 Rxa2+ 30. Kb3 Ra1 31. h5+ Kh7 32. Rxa1 Bxa1 33. Nb2 Nc7
34. e5 Nd5 35. Bc5 Re6 36. Ka2 Bxb2 37. Kxb2 a6 38. Kc2 Ne7 39. Rf7 Nd5 40. Rf5
Ne7 41. Bxe7 Rxe7 42. Kd3 g6 43. hxg6+ Kxg6 44. Kd4 Rd7+ 45. Kc5 Rd5+ 46. Kxc6
Rd4 47. Kc5 Rxg4 48. Rf6+ Kg7 49. Rxa6 Rg5 50. Kd6 h5 51. e6 Rg1 52. Ra7+ Kf6
53. Rf7+ Kg6 54. Rf8 Rd1+ 55. Kc6 Re1 56. Kd7 Rd1+ 57. Ke8 h4 58. e7 Kg7 59.
Rf4 h3 60. Rg4+ Kf6 61. Rh4 Re1 62. Rh6+ Ke5 63. Rxh3 Kd6 64. Rd3+ Kc7 65. Rc3+
Kb6 66. Rc5 Re2 67. Kf7 1-0

[Event "NM Junior Gruppe C 2002"]
[Site "Tjele"]
[Date "2002.02.16"]
[Round "5"]
[White "Andreasen, Bjarke"]
[Black "Nestorov, Marta"]
[Result "1/2-1/2"]
[WhiteElo "1641"]
[BlackElo "1908"]
[PlyCount "102"]
[EventDate "2002.??.??"]

1. d4 Nf6 2. Nf3 g6 3. c4 c5 4. Nc3 cxd4 5. Nxd4 d6 6. Bg5 Nbd7 7. Rc1 Bg7 8.
e3 O-O 9. Be2 Qa5 10. Bh4 Ne5 11. O-O Qd8 12. Nd5 Ned7 13. Bf3 Nxd5 14. cxd5 a5
15. b3 Re8 16. Nc6 bxc6 17. dxc6 Ra7 18. cxd7 Bxd7 19. Bd5 Rf8 20. Qf3 Bb5 21.
Rfd1 Qb6 22. a4 Be8 23. e4 Rc7 24. Rxc7 Qxc7 25. Qf4 Be5 26. Rc1 Qa7 27. Qf3 e6
28. Bc4 Bc6 29. Qd3 Qb7 30. f3 Ra8 31. Bf2 Bb2 32. Rc2 Ba3 33. Be3 Bb4 34. Kh1
Qd7 35. Bh6 Rb8 36. Qd4 e5 37. Qd3 Bc5 38. Bd2 Qc7 39. Bd5 Be8 40. Be3 Rb4 41.
Bxc5 dxc5 42. Qc3 Rb8 43. h3 Rc8 44. Rd2 h5 45. Qd3 Kg7 46. Bc4 Bc6 47. Qd6
Qxd6 48. Rxd6 Kf8 49. Kg1 Ke7 50. Rd2 Rb8 51. Kf2 Rb4 1/2-1/2

[Event "NM Junior Gruppe C 2002"]
[Site "Tjele"]
[Date "2002.02.16"]
[Round "5"]
[White "Arngrimsson, Dagur"]
[Black "Fossum, Oystein Boyum"]
[Result "1-0"]
[WhiteElo "2094"]
[BlackElo "1682"]
[PlyCount "89"]
[EventDate "2002.??.??"]

1. Nf3 f5 2. g3 Nf6 3. Bg2 g6 4. b3 Bg7 5. Bb2 d6 6. d3 e5 7. Nbd2 O-O 8. e4
Nc6 9. O-O f4 10. d4 Nh5 11. dxe5 dxe5 12. Qe2 Qe8 13. Rad1 h6 14. Rfe1 g5 15.
Bf1 g4 16. Nh4 f3 17. Qd3 Bf6 18. Nf5 Kh7 19. Nc4 Be6 20. Bc1 Bg5 21. Nce3 Nf6
22. c4 h5 23. Nd5 Bxc1 24. Nxc7 Qf7 25. Nxe6 Qxe6 26. Rxc1 Rad8 27. Qe3 Ng8 28.
c5 Nge7 29. Nh4 Ng6 30. Bc4 Qf6 31. Nf5 Nge7 32. h4 Nxf5 33. exf5 Qxf5 34. Rcd1
Qf6 35. Bd5 Rfe8 36. b4 a6 37. a4 Nd4 38. Bxb7 Ne2+ 39. Kh2 Rf8 40. b5 Nxg3 41.
fxg3 f2 42. Rxd8 fxe1=Q 43. Be4+ Kg7 44. Rd7+ Kg8 45. Qxe1 1-0

[Event "NM Junior Gruppe C 2002"]
[Site "Tjele"]
[Date "2002.02.16"]
[Round "5"]
[White "Kjartansson, Gudmundur"]
[Black "Glud, Jakob Vang"]
[Result "1/2-1/2"]
[WhiteElo "2060"]
[BlackElo "2048"]
[PlyCount "55"]
[EventDate "2002.??.??"]

1. e4 e5 2. Nf3 Nc6 3. Bc4 Nf6 4. Ng5 d5 5. exd5 Na5 6. Bb5+ Bd7 7. Bxd7+ Qxd7
8. d3 Nxd5 9. O-O Bd6 10. Bd2 Nc6 11. Nc3 Nxc3 12. Bxc3 O-O 13. Nf3 Rae8 14.
Qd2 Qg4 15. Rae1 f5 16. h3 Qh5 17. Re2 Re7 18. Rfe1 Rfe8 19. a4 a6 20. Qg5 Qxg5
21. Nxg5 h6 22. Nf3 Kf7 23. b3 Kf6 24. Bb2 Bc5 25. Kf1 Nd4 26. Nxd4 exd4 27.
Rxe7 Rxe7 28. Rxe7 1/2-1/2

[Event "NM Junior Gruppe C 2002"]
[Site "Tjele"]
[Date "2002.02.16"]
[Round "5"]
[White "Lehtovirta, Verneri"]
[Black "Nithander, Viktor"]
[Result "0-1"]
[WhiteElo "1482"]
[BlackElo "1914"]
[PlyCount "54"]
[EventDate "2002.??.??"]

1. e4 c5 2. Bc4 Nc6 3. Nf3 g6 4. O-O Bg7 5. Nc3 e6 6. a3 Nge7 7. d3 O-O 8. Be3
d5 9. exd5 exd5 10. Bxc5 dxc4 11. dxc4 Be6 12. Re1 Re8 13. Re4 b6 14. Bd6 Nf5
15. c5 bxc5 16. Bxc5 Qxd1+ 17. Rxd1 Red8 18. Rde1 Ncd4 19. Ng5 h6 20. Nxe6 Nxe6
21. Na4 Nxc5 22. Nxc5 Bxb2 23. a4 Rd2 24. c4 Bd4 25. Re8+ Rxe8 26. Rxe8+ Kg7
27. g4 Nh4 0-1